[Event "FIDE WCCC U12 2018"]
[Site "Santiago de Compostela"]
[Date "2018.11.09"]
[Round "5"]
[White "Laux, Dominik"]
[Black "Yavuz, Efe Metehan"]
[Result "1/2-1/2"]
[WhiteElo "1973"]
[BlackElo "1828"]
[Annotator "NA RC"]
[PlyCount "159"]
[EventDate "2018.11.04"]
[EventType "swiss"]
[EventCountry "ESP"]
[SourceTitle "playchess.com"]
[Source "ChessBase"]
[SourceQuality "1"]
[TimeControl "40/5400+30:1800+30"]

{[%evp 10,156,19,32767,22,10,8,32767,13,0,11,-8,10,-8,15,-17,2,0,0,0,6,0,16,0,0,0,7,0,32767,32767,32767,32767,6,32767,32767,32767,32767,32767,32767,0,34,29,25,32767,13,32767,13,10,32767,32767,32767,0,0,32767,0,32767,32767,60,32767,71,123,89,32767,64,145,123,32767,32767,32767,97,32767,99,32767,32767,91,32767,64,62,68,64,54,37,81,64,77,60,32767,99,85,64,99,32767,85,32767,87,77,77,87,89,78,95,71,70,78,72,0,84,0,95,74,32767,32767,89,70,69,81,219,32767,70,75,70,95,74,71,95,70,78,77,81,0,73,77,72,63,65,391,316,70,74,456,74,0,77,409,293,32767,321,66,67]} 1. d4 {[%emt 0:00:00]} d5 {[%emt 0:00:00]} 2. c4 {[%emt 0:00:00]} e6 {[%emt 0:00:04]} 3. Nc3 {[%emt 0:00:33]} Nf6 {[%emt 0:00:10]} 4. Bf4 {[%emt 0:05:35]} Bd6 {[%emt 0:01:59]} 5. Bxd6 {[%emt 0:04:54]} Qxd6 {[%emt 0:00:09]} 6. e3 {[%emt 0:00:54] D35: Queen's Gambit Declined: Exchange Variation} O-O {[%emt 0:00:31]} 7. Nf3 {[%emt 0:01:16]} b6 {[%emt 0:02:44]} 8. Rc1 {[%emt 0:04:20]} a6 {[%emt 0:01:06] LiveBook: 3 Games} 9. Bd3 $146 {[%emt 0:03:25]} ({Predecessor:} 9. cxd5 exd5 10. Bd3 c5 11. dxc5 bxc5 12. O-O Bb7 13. Qb3 Bc6 {1-0 (72) Fedoseev,V (2718)-Akobian,V (2647) Riadh 2017}) 9... Bb7 {[%emt 0:01:43]} 10. O-O {[%emt 0:02:33]} Nbd7 {[%emt 0:06:05]} 11. Qc2 {[%emt 0:03:29]} Rac8 {[%emt 0:04:24]} 12. e4 {[%emt 0:07:06]} dxe4 {[%emt 0:00:41]} 13. Nxe4 {[%emt 0:00:20]} Bxe4 {[%emt 0:01:24]} 14. Bxe4 {[%emt 0:00:12]} Nxe4 {[%emt 0:01:55]} 15. Qxe4 {[%emt 0:00:04]} Nf6 {[%emt 0:02:41]} 16. Qe2 {[%emt 0:03:44]} c5 {[%emt 0:04:18]} 17. Rfd1 {[%emt 0:04:12]} Rfd8 {[%emt 0:01:34]} 18. Rd2 {[%emt 0:07:53]} cxd4 {[%emt 0:15:51]} 19. Rxd4 {[%emt 0:03:24]} Qb4 {[%emt 0:01:21]} 20. Qd3 {[%emt 0:07:10]} Rxd4 {[%emt 0:02:49]} 21. Qxd4 {[%emt 0:00:07]} h6 {[%emt 0:00:31]} 22. h3 {[%emt 0:04:19]} a5 {[%emt 0:12:46]} 23. Ne5 {[%emt 0:05:35]} Qc5 {[%emt 0:02:20]} 24. Qxc5 {[%emt 0:01:26]} bxc5 {[%emt 0:01:40]} 25. Rd1 {[%emt 0:02:41]} Rb8 {[%emt 0:01:07]} 26. b3 {[%emt 0:04:02]} a4 {[%emt 0:01:48]} 27. bxa4 {[%emt 0:08:33]} Ra8 {[%emt 0:01:19]} 28. a5 {[%emt 0:01:55]} Rxa5 {[%emt 0:11:01]} 29. Rd8+ {[%emt 0:01:34]} Kh7 {[%emt 0:00:05]} 30. Nxf7 {[%emt 0:02:04]} Rxa2 {[%emt 0:00:17]} 31. Rc8 {[%emt 0:00:51]} Ne4 {[%emt 0:03:38]} 32. f3 {[%emt 0:03:05]} Ra1+ {[%emt 0:00:07]} 33. Kh2 {[%emt 0:00:18]} Nd2 {[%emt 0:00:43]} 34. Rxc5 {[%emt 0:01:37]} Rc1 {[%emt 0:00:35]} ({Better is} 34... Ra2 $14) 35. Ne5 {[%emt 0:02:12]} Rc2 {[%emt 0:00:45]} 36. Kg1 {[%emt 0:01:44]} ({White should play} 36. h4 $16) 36... h5 {[%emt 0:01:30]} ({Better is} 36... Nb3 37. Rc8 Nd4) 37. Rc6 {[%emt 0:01:04]} Nb3 {[%emt 0:01:47]} 38. Rxe6 {[%emt 0:03:14]} Na5 {[%emt 0:00:40]} 39. Ra6 {[%emt 0:00:55]} Nxc4 {[%emt 0:00:22]} 40. Rc6 {[%emt 0:00:00]} Ne3 {[%emt 0:00:00]} 41. Rxc2 {[%emt 0:02:21]} Nxc2 {[%emt 0:02:09]} 42. Kf2 {[%emt 0:01:36]} g5 {[%emt 0:03:28]} 43. Ke2 {[%emt 0:02:26]} Kg7 {[%emt 0:07:23]} 44. Kd2 {[%emt 0:04:04]} Nd4 {[%emt 0:06:28]} 45. Ke3 {[%emt 0:02:07]} (45. Kd3 $5 {[%cal Rd3d4]} Nb3 46. Nd7 $16) 45... Ne6 {[%emt 0:03:43]} 46. Nd3 {[%emt 0:02:13]} Kf6 {[%emt 0:03:05]} 47. Ke4 {[%emt 0:01:19]} h4 {[%emt 0:00:21] [#]} 48. f4 $1 {[%emt 0:02:13]} gxf4 {[%emt 0:02:02]} 49. Ne1 {[%emt 0:02:24]} Kg5 {[%emt 0:02:34]} 50. Nf3+ {[%emt 0:00:18]} Kh5 {[%emt 0:00:59]} 51. Kf5 {[%emt 0:01:41]} Nc7 {[%emt 0:01:35]} 52. Ke5 {[%emt 0:00:55]} Nb5 {[%emt 0:01:34]} 53. Kxf4 {[%emt 0:04:24]} Nc3 {[%emt 0:02:23]} 54. Nd4 {[%emt 0:01:20]} Nd5+ {[%emt 0:00:03]} 55. Ke4 {[%emt 0:01:17]} Nc3+ $1 {[%emt 0:00:12]} 56. Kf5 {[%emt 0:00:54]} Nd5 $1 {[%emt 0:00:10]} 57. Ke4 {[%emt 0:01:13]} Nc3+ {[%emt 0:00:01]} 58. Kf5 {[%emt 0:00:30]} Nd5 {[%emt 0:00:01]} 59. Nc2 {[%emt 0:01:32]} Nc3 {[%emt 0:01:21]} 60. Nb4 {[%emt 0:01:00]} Ne2 {[%emt 0:00:42]} 61. Nd5 {[%emt 0:00:48]} Ng3+ {[%emt 0:00:30]} (61... Nd4+ 62. Kf4 Nc6 63. Nf6+ Kg6) 62. Kf6 {[%emt 0:00:17]} Ne4+ {[%emt 0:00:10]} 63. Ke5 {[%emt 0:00:26]} Ng3 $1 {[%emt 0:00:36] [#]} 64. Nf6+ $2 {[%emt 0:01:58]} (64. Nf4+ $1 $18 {and the rest is easy.} Kh6 65. Ne6) 64... Kg6 {[%emt 0:00:03]} 65. Ne4 {[%emt 0:00:12]} Ne2 {[%emt 0:00:10]} 66. Nd2 {[%emt 0:00:30]} Kg5 {[%emt 0:00:21]} 67. Nf3+ {[%emt 0:00:15]} Kh5 {[%emt 0:00:08]} 68. Ne1 {[%emt 0:00:40]} Kg5 {[%emt 0:01:16] [#]} 69. Nf3+ {[%emt 0:00:10]} ({Better is} 69. Nd3 $1 $16) 69... Kh5 {[%emt 0:00:02]} 70. Nd4 {[%emt 0:00:25]} Ng3 {[%emt 0:01:08]} 71. Ne6 {[%emt 0:00:33]} Kg6 {[%emt 0:01:39] [#]} 72. Kf4 $1 {[%emt 0:01:12]} Kh5 {[%emt 0:00:22]} 73. Nd4 {[%emt 0:00:16]} Nf1 $1 $11 {[%emt 0:01:10] remains equal.} 74. Ne2 {[%emt 0:00:25]} Kg6 {[%emt 0:00:42] [#]} 75. Nd4 $2 {[%emt 0:01:29]} (75. Nc3 $1 $18 {[%cal Rc3e4]} Kh6 76. Nd5) 75... Kh6 $1 {[%emt 0:04:21]} 76. Nf5+ {[%emt 0:01:24]} Kh5 {[%emt 0:00:03]} 77. Nd4 {[%emt 0:01:25]} Kh6 $18 {[%emt 0:01:18]} 78. Nf3 {[%emt 0:00:10]} Kh5 {[%emt 0:00:04]} 79. Nh2 {[%emt 0:00:28]} Nxh2 {[%emt 0:00:30]} 80. g3 {[%emt 0:00:04]} 1/2-1/2

[Event "FIDE WCCC U12 2018"]
[Site "Santiago de Compostela"]
[Date "2018.11.09"]
[Round "5"]
[White "Thomforde-Toates, Noah"]
[Black "Wu, Eric"]
[Result "1-0"]
[WhiteElo "1970"]
[BlackElo "1753"]
[Annotator "NA RC"]
[PlyCount "67"]
[EventDate "2018.11.04"]
[EventType "swiss"]
[EventCountry "ESP"]
[SourceTitle "playchess.com"]
[Source "ChessBase"]
[SourceQuality "1"]
[TimeControl "40/5400+30:1800+30"]

{[%evp 11,66,10,8,1,0,5,12,0,0,0,-4,32767,32767,7,42,45,59,32767,32767,0,4,32767,32767,-9,32767,0,32767,32767,32767,-66,-13,-69,-37,32767,32767,32767,270,32767,299,32767,32767,32767,32767,358,32767,32767,32767,32767,32767,601,29995,29990,29992,32767,29998,29999,29999]} 1. e4 {[%emt 0:00:00]} d5 {[%emt 0:00:16]} 2. exd5 {[%emt 0:00:00]} Qxd5 {[%emt 0:01:08]} 3. Nc3 {[%emt 0:00:06]} Qd6 {[%emt 0:01:40]} 4. Nf3 {[%emt 0:02:29]} Nf6 {[%emt 0:01:57]} 5. d4 {[%emt 0:02:49]} a6 {[%emt 0:02:15]} 6. a4 {[%emt 0:02:54] B01: Scandinavian Defence} (6. Bd3 $14 Bg4 7. h3 Bh5 8. O-O Nc6 9. Ne4 Nxe4 10. Bxe4 e6 11. c3 Bg6 12. Bxc6+ Qxc6 13. Ne5 Qb6 {1-0 (58) Anand,V (2767)-Demidov,M (2523) chess.com INT 2018}) 6... Bg4 {[%emt 0:01:29]} 7. h3 {[%emt 0:03:03]} Bh5 {[%emt 0:01:06]} 8. Be3 {[%emt 0:06:57]} Nc6 {[%emt 0:03:05]} 9. Be2 {[%emt 0:05:50]} O-O-O {[%emt 0:06:28]} 10. Ng5 $146 {[%emt 0:05:45]} ({Predecessor:} 10. O-O Bxf3 11. Bxf3 Nxd4 12. Bxd4 Qxd4 13. Qe2 e6 {½-½ (43) Sloper,C (1503)-Stava,S (1615) Oslo 2006}) 10... Bg6 {[%emt 0:05:09]} 11. Bd3 {[%emt 0:04:08]} Nd5 {[%emt 0:07:44]} 12. Qg4+ {[%emt 0:08:26]} Kb8 {[%emt 0:04:12]} 13. Nxd5 {[%emt 0:04:03]} Qxd5 {[%emt 0:03:40]} 14. Bxg6 {[%emt 0:10:48]} hxg6 {[%emt 0:01:49]} 15. O-O {[%emt 0:04:47]} ({White should play} 15. Qf3 $14 f6 16. Qxd5 Rxd5 17. Ne6) 15... e5 {[%emt 0:01:39]} 16. dxe5 {[%emt 0:11:13]} Nxe5 {[%emt 0:00:48]} 17. Qe2 {[%emt 0:01:44]} Bd6 {[%emt 0:03:08]} 18. Rfd1 {[%emt 0:04:42]} Qc6 {[%emt 0:02:50]} 19. c4 {[%emt 0:04:38]} Rde8 {[%emt 0:03:40]} 20. Rac1 {[%emt 0:03:50]} f6 {[%emt 0:06:35]} (20... Rh4 $17) 21. c5 {[%emt 0:02:10]} Be7 {[%emt 0:00:57]} 22. f4 {[%emt 0:03:49]} Nd7 {[%emt 0:01:29]} 23. Nf7 {[%emt 0:01:09]} Rhf8 $2 {[%emt 0:05:01]} (23... Bxc5 $17 {stays on course.} 24. Rxc5 Nxc5 25. Nxh8 Rxh8) 24. Nd6 {[%emt 0:01:25]} Bxd6 {[%emt 0:07:15]} 25. cxd6 {[%emt 0:00:15]} Qe4 {[%emt 0:01:42]} 26. dxc7+ {[%emt 0:00:40]} Kc8 {[%emt 0:00:33]} 27. Rc3 {[%emt 0:01:07]} Qxf4 {[%emt 0:01:37]} 28. Rxd7 {[%emt 0:00:38]} Qxa4 {[%emt 0:02:11]} 29. Rd8+ {[%emt 0:00:18]} Rxd8 {[%emt 0:00:17]} 30. cxd8=Q+ {[%emt 0:00:12]} Kxd8 {[%emt 0:00:04]} 31. Qd2+ {[%emt 0:00:28]} Ke8 {[%emt 0:00:28]} 32. Rc8+ {[%emt 0:00:23]} Kf7 {[%emt 0:00:11]} 33. Qd5+ {[%emt 0:00:06]} Ke7 {[%emt 0:00:23]} 34. Bc5# {[%emt 0:00:02]} 1-0

[Event "FIDE WCCC U12 2018"]
[Site "Santiago de Compostela"]
[Date "2018.11.09"]
[Round "5"]
[White "Zheng, Michael"]
[Black "Shen, Shiyan"]
[Result "1/2-1/2"]
[WhiteElo "1970"]
[BlackElo "2187"]
[Annotator "TA"]
[PlyCount "85"]
[EventDate "2018.11.04"]
[EventType "swiss"]
[EventCountry "ESP"]
[SourceTitle "playchess.com"]
[Source "ChessBase"]
[SourceQuality "1"]

{[%evp 28,85,10,4,45,8,12,0,0,0,45,44,52,20,26,22,22,19,20,20,28,10,18,23,37,37,37,37,39,33,37,37,37,22,37,25,25,25,25,25,34,10,10,9,15,15,37,37,39,39,39,37,39,10,37,0,37,0,30,-14]} 1. e4 c5 2. Nf3 d6 3. d4 cxd4 4. Nxd4 Nf6 5. Nc3 a6 6. Be2 e5 7. Nb3 Be7 8. Bg5 Be6 9. Bxf6 Bxf6 10. Qd3 Nc6 11. O-O-O {B92: Sicilian Najdorf: 6 Be2} Nd4 12. Nxd4 exd4 13. Nd5 Bxd5 14. exd5 O-O 15. Kb1 {LiveBook: 5 Games} Qa5 16. Qf3 Rfe8 17. Bd3 {aiming for Qf5.} Re5 18. g4 {[#]} Bh4 $146 ({Predecessor:} 18... Rae8) 19. Qh3 g5 20. Qf3 {And now Qf6 would win.} Qxd5 21. Qxd5 Rxd5 22. Bc4 Re5 23. Rxd4 Rae8 24. Rxd6 Re1+ 25. Rd1 Bxf2 26. Rhxe1 Rxe1 27. Rxe1 Bxe1 $11 {[%mdl 4096] Endgame KB-KB} 28. Kc1 Kf8 29. Kd1 Bb4 30. Ke2 Ke7 31. Kf3 Bd6 32. h3 Be5 33. c3 f6 34. Bd3 h6 35. Ke4 Kd6 36. a4 Bf4 37. Be2 Bc1 38. b4 Bd2 39. Kd4 Bf4 40. Bd3 Bd2 41. Be2 Bf4 42. Bd3 Bd2 43. Ke4 {Precision: White = 47%, Black = 47%.} 1/2-1/2

[Event "FIDE WCCC U12 2018"]
[Site "Santiago de Compostela"]
[Date "2018.11.09"]
[Round "5"]
[White "Revaliente Montoya, Ciro"]
[Black "Milikow, Elie"]
[Result "1-0"]
[WhiteElo "1961"]
[BlackElo "2173"]
[Annotator "TA"]
[PlyCount "119"]
[EventDate "2018.11.04"]
[EventType "swiss"]
[EventCountry "ESP"]
[SourceTitle "playchess.com"]
[Source "ChessBase"]
[SourceQuality "1"]

{[%evp 20,119,41,15,89,14,104,0,73,-38,-34,-35,8,0,4,0,12,4,17,4,172,91,95,34,193,208,337,340,333,304,375,333,341,339,323,318,321,312,363,356,414,403,426,419,426,435,462,461,512,513,504,519,521,519,495,510,507,507,478,475,789,708,692,618,1269,1268,5273,857,29969,29970,29970,29971,29975,29976,29986,29984,29989,29990,29990,29991,29990,29979,6223,2326,1879,1425,1311,1311,4133,4133,29985,29986,29986,29987,29989,29990,29990,29991,29992,29991,29991,29992]} 1. e4 c5 2. Nf3 Nc6 3. d4 cxd4 4. Nxd4 Nf6 5. Nc3 e5 6. Ndb5 d6 7. Bg5 a6 8. Na3 b5 9. Bxf6 gxf6 {[%cal Bg7f6,Bf6f5][%mdl 32]} 10. Nd5 f5 11. g3 {LiveBook: 229 Games} Be6 {B33: Sicilian: Pelikan and Sveshnikov Variations} (11... fxe4 $11 12. Bg2 Be6) (11... fxe4 12. Bg2 Be6 13. Bxe4 Bg7 14. Qh5 Rc8 15. O-O Ne7 16. Nxe7 Qxe7 17. Rad1 Rc5 18. b4 Rc3 19. Nb1 Rc4 20. Nd2 Rxb4 21. Bc6+ Bd7 22. Ne4 O-O 23. Bxd7 Qxd7 {½-½ (60) Abasov,N (2577)-Krasenkow,M (2630) Kocaeli 2017}) 12. Bg2 (12. exf5 $16 Bxf5 13. Bg2) 12... Rc8 {[#]} (12... fxe4 $11 13. Bxe4 Bg7) 13. O-O (13. exf5 $1 $16 Bxf5 14. c3) 13... Bg7 (13... fxe4 $11 {keeps the balance.} 14. Bxe4 Bg7) 14. Ne3 $146 (14. exf5 $16 Bxf5 15. c3) ({Predecessor:} 14. f4 exf4 15. c3 fxg3 16. exf5 gxh2+ 17. Kh1 Bxd5 18. Qxd5 Qf6 {½-½ (29) Laubrock,P (1830)-Hartge,G (1791) Magdeburg 2013}) 14... fxe4 $15 15. Bxe4 Qd7 16. Qh5 Ne7 17. Rad1 d5 ({But not} 17... Bxa2 $2 18. b3 $18) 18. c3 h6 19. Nac2 {With the idea f4.} d4 $2 (19... O-O $11) 20. cxd4 ({White should play} 20. f4 $18) 20... exd4 $16 21. Qh4 (21. Rfe1 $16) 21... f5 $2 (21... Qa7 $14 22. Ng4 f5 23. Nf6+ Kf7 24. Nxd4 fxe4 25. Nxe4 Bxd4 26. Nd6+ Kg7 27. Nxc8 Rxc8 28. Rxd4 Nf5 29. Qg4+ (29. Rg4+ Kh7 $16) 29... Kh7) 22. Bf3 $18 {[%cal Rc2d4]} Rd8 {[#]} (22... d3 {was worth a try.}) 23. Nxd4 $1 {[%mdl 512]} Bxd4 24. Nc2 Bxf2+ 25. Rxf2 Qxd1+ 26. Bxd1 Rxd1+ 27. Rf1 Rxf1+ 28. Kxf1 Kf7 29. b3 Ng6 30. Qd4 Ra8 31. Nb4 Ne7 32. Nd3 Ng6 33. Nc5 Rc8 34. Nxe6 Kxe6 {[%mdl 4096] Endgame KQ-KRN} 35. Qb6+ Kf7 {Now ...Rc1+ and Black clings on.} 36. Qb7+ Ne7 37. Qxa6 Rc1+ 38. Kg2 Rc2+ 39. Kh3 Ng6 (39... b4 $142 40. Qxh6 Rxa2) 40. Qxb5 Kf6 41. a4 Kg5 42. Qd3 Ra2 43. Qe3+ (43. Qd8+ $142 Kh5 44. Qf6) 43... Kh5 {[#]} 44. g4+ $1 fxg4+ 45. Kg3 Rc2 46. a5 Rc6 47. h3 {[%csl Gg3][%cal Rh3g4]} Nh4 48. hxg4+ Kg6 49. Qe8+ Kg5 50. Qh5+ (50. Qxc6 $142 Ng6 51. Qc5+ Kf6 52. a6 h5 53. gxh5 Ne7 54. a7 Nf5+ 55. Kf4) 50... Kf6 51. Qxh6+ (51. Kxh4 $142 Ke7 52. Qb5) 51... Ng6 52. g5+ Kf5 53. Qg7 Ne5 54. Qf8+ Kxg5 55. Qf4+ {White mates.} Kg6 56. Qxe5 Kf7 57. Qd5+ Re6 58. a6 {[%cal Ba5a6,Ba6a7][%mdl 32]} Ke7 {[#]} 59. Qxe6+ $1 Kxe6 60. a7 {Precision: White = 61%, Black = 15%.} 1-0

[Event "FIDE WCCC U12 2018"]
[Site "Santiago de Compostela"]
[Date "2018.11.09"]
[Round "5"]
[White "Sahakyan, Aleks"]
[Black "Droin, Augustin"]
[Result "0-1"]
[WhiteElo "1951"]
[BlackElo "2155"]
[Annotator "TA"]
[PlyCount "120"]
[EventDate "2018.11.04"]
[EventType "swiss"]
[EventCountry "ESP"]
[SourceTitle "playchess.com"]
[Source "ChessBase"]
[SourceQuality "1"]

{[%evp 13,120,9,13,13,20,7,8,0,0,0,22,22,9,9,5,23,16,16,18,12,20,-39,-37,-36,-36,-50,-36,-91,-81,-66,-68,-93,-86,-86,-62,-60,-55,-63,0,0,0,0,0,0,0,0,0,-8,-8,-8,-9,-12,-8,-17,-13,-12,0,-64,-17,-17,-17,-28,-28,-43,-43,-43,-43,-72,-72,-72,-72,-72,-72,-77,-77,-87,-77,-78,-72,-72,-72,-72,-66,-213,-206,-198,-191,-1556,-1449,-29979,-29980,-29980,-29981,-29981,-29982,-29982,-29983,-29983,-29984,-29984,-29985,-29985,-29986,-29988,-29989,-29989,-29989,-29994,-29995]} 1. e4 c5 2. Nf3 Nc6 3. Bb5 g6 4. Bxc6 dxc6 5. Nc3 Bg7 6. d3 e5 7. h3 Qe7 {LiveBook: 64 Partien. B31: Sizilianisch (Rossolimo-Variante)} 8. a4 $146 ({Vorgänger:} 8. Be3 Nf6 9. Qd2 h6 10. a3 Nd7 11. O-O Nf8 12. b4 Ne6 13. bxc5 Nd4 14. Bxd4 exd4 15. Ne2 Qxc5 16. Qb4 Qe7 17. Rab1 {½-½ (57) Bauer,C (2623)-Franco Ocampos,Z (2496) Baku 2016}) 8... a5 9. Qe2 Nf6 {[%cal Bg8f6,Bf6d7,Bd7f8,Bf8e6,Be6d4,Bd4e2][%mdl 32] Die Stellung ist ausgeglichen.} 10. O-O Nd7 11. Nh2 Nf8 12. f4 exf4 13. Bxf4 Ne6 14. Be3 O-O 15. Qd2 Nd4 16. Rf2 Be6 17. Raf1 (17. Re1 $11) 17... c4 $1 $15 18. Bh6 Rad8 19. Bxg7 Kxg7 20. Ne2 (20. e5 $15) 20... Nxe2+ $17 21. Rxe2 Qc5+ 22. Kh1 cxd3 23. cxd3 Qd4 24. Qxa5 Qxd3 25. Ree1 Qd4 (25... Kg8 $15) 26. Nf3 $1 $11 {[%cal Rf3d4]} Qxb2 27. Rb1 Qe2 28. Qe5+ Kg8 29. Nd4 {[#]} Rd5 $1 {[%mdl 512]} 30. Qf6 (30. exd5 Qxe5) 30... Qxe4 31. Nxe6 Qxe6 32. Qxe6 fxe6 33. Rxf8+ Kxf8 34. Rxb7 {[%mdl 4096] Endspiel KT-KT} Ra5 35. Rb6 (35. Rxh7 $11 Rxa4 36. Rc7) 35... Rxa4 {Schwarz will ...Tc4 spielen.} 36. Rxc6 Re4 37. Rc7 h5 38. Kg1 Rf4 39. Ra7 Rf7 40. Ra6 Ke7 41. Ra5 Rf5 42. Ra7+ Kf6 43. Ra6 Rf4 44. g3 Rf3 45. Kg2 Rb3 46. Ra4 Rb2+ 47. Kf3 Rh2 48. Re4 ({Besser ist} 48. h4 $15) 48... g5 $19 49. Ra4 {[#]} h4 $1 50. Kg4 $2 (50. gxh4 Rxh3+ 51. Kg2 Rxh4 52. Ra8) 50... Rg2 51. Ra3 Rxg3+ {Schwarz setzt Matt.} 52. Rxg3 hxg3 53. Kxg3 {KBB-KB} Kf5 54. Kf3 e5 {[%cal Be6e5,Be5e4,Be4e3,Be3e2][%mdl 32]} 55. Ke3 e4 56. Ke2 Kf4 57. Kf2 e3+ 58. Ke2 Ke4 59. Ke1 Kf3 60. Kf1 e2+ {Precision: Weiß = 47%, Schwarz = 75%.} 0-1

[Event "FIDE WCCC U12 2018"]
[Site "Santiago de Compostela"]
[Date "2018.11.09"]
[Round "5"]
[White "Ano Pla, Gerard"]
[Black "Razafindratsima, Timothe"]
[Result "0-1"]
[WhiteElo "1914"]
[BlackElo "2092"]
[Annotator "NA RC"]
[PlyCount "100"]
[EventDate "2018.11.04"]
[EventType "swiss"]
[EventCountry "ESP"]
[SourceTitle "playchess.com"]
[Source "ChessBase"]
[SourceQuality "1"]
[TimeControl "40/5400+30:1800+30"]

{[%evp 18,99,32,9,2,4,0,0,0,0,7,-5,0,-24,0,0,0,-30,32767,32767,32767,32767,32767,32767,0,-12,18,32767,32767,32767,-26,-22,32767,32767,32767,-18,-22,-18,-13,-16,32767,-20,-13,32767,-15,-27,-26,-22,-29,32767,32767,32767,32767,-67,-68,32767,32767,32767,32767,32767,-199,-199,-210,-207,-210,-296,-357,-349,-343,-493,-941,-613,-1436,-766,-1254,-5477,-5306,-5293,-5404,32767,-12843,-29973,-29983,-12845]} 1. d4 {[%emt 0:00:00]} Nf6 {[%emt 0:00:00]} 2. c4 {[%emt 0:00:00]} g6 {[%emt 0:00:00]} 3. Nc3 {[%emt 0:00:00]} d5 {[%emt 0:00:00]} 4. cxd5 {[%emt 0:00:28]} Nxd5 {[%emt 0:00:00]} 5. Bd2 {[%emt 0:00:37]} Bg7 {[%emt 0:00:30]} 6. e4 {[%emt 0:00:37]} Nxc3 {[%emt 0:02:07]} 7. Bxc3 {[%emt 0:00:10]} O-O {[%emt 0:00:16]} 8. Qd2 {[%emt 0:01:49]} b6 {[%emt 0:01:02] D85: Grünfeldindisch (Abtauschvariante, 7.Sf3 bzw nicht 7.Lc4)} (8... c5 9. d5 Bxc3 10. bxc3 Qd6 11. f4 e6 12. Bc4 b5 13. Bxb5 exd5 14. Bc4 Bb7 15. Nf3 Rd8 16. Bxd5 Bxd5 17. Qxd5 Qxd5 18. exd5 Rxd5 {½-½ (29) Tomashevsky,E (2702)-Nepomniachtchi,I (2768) Satka 2018}) 9. Nf3 {[%emt 0:04:04]} Bb7 {[%emt 0:00:33]} 10. Bd3 {[%emt 0:06:17]} Nd7 {[%emt 0:02:50]} 11. O-O {[%emt 0:02:13]} e6 {[%emt 0:01:39]} 12. Bc2 {[%emt 0:04:03]} c5 {[%emt 0:05:36]} 13. Rad1 {[%emt 0:02:47]} cxd4 {[%emt 0:15:18]} 14. Bxd4 $146 {[%emt 0:07:17]} ({Vorgänger:} 14. Nxd4 Nc5 15. Qe3 Qe7 16. Rfe1 Rac8 17. e5 a6 18. f4 Rfd8 19. b4 Nd7 20. Bb3 Nf8 21. a3 Bd5 22. Bc2 Qb7 23. Rd2 {½-½ (23) Suleymenov,A (2099)-Nguyen,T (2286) Durban 2014}) 14... Nf6 {[%emt 0:07:04]} 15. Qe2 {[%emt 0:04:00]} Qc8 {[%emt 0:02:32]} 16. b4 {[%emt 0:09:41]} Rd8 {[%emt 0:04:02]} 17. Rc1 {[%emt 0:02:51]} Qd7 {[%emt 0:02:11]} 18. Rfd1 {[%emt 0:06:38]} Qe7 {[%emt 0:01:04]} 19. a3 {[%emt 0:01:30]} Rac8 {[%emt 0:00:29]} 20. Bb1 {[%emt 0:04:35]} Qe8 {[%emt 0:08:20]} 21. Qb2 {[%emt 0:04:13]} Nh5 {[%emt 0:05:29]} 22. Rxc8 {[%emt 0:02:38]} Bxc8 {[%emt 0:02:26]} 23. Rc1 {[%emt 0:02:56]} Bxd4 {[%emt 0:11:25]} 24. Nxd4 {[%emt 0:00:44]} Nf4 {[%emt 0:01:30]} 25. Ne2 {[%emt 0:07:34]} Nxe2+ {[%emt 0:03:05]} 26. Qxe2 {[%emt 0:00:06]} Qa4 {[%emt 0:00:09]} 27. Qf3 {[%emt 0:02:26]} a5 {[%emt 0:02:50]} 28. Bc2 {[%emt 0:02:56]} Qc6 {[%emt 0:01:36]} 29. Rd1 $1 {[%emt 0:01:34]} Rxd1+ {[%emt 0:03:41]} 30. Qxd1 {[%emt 0:00:24]} Qc3 {[%emt 0:00:42]} 31. bxa5 {[%emt 0:00:40]} bxa5 {[%emt 0:00:41]} 32. a4 {[%emt 0:00:33]} Bb7 {[%emt 0:00:32]} 33. h3 {[%emt 0:02:57]} Qb4 {[%emt 0:01:15]} 34. Qb1 {[%emt 0:04:52]} Kf8 {[%emt 0:06:43]} 35. Qd1 {[%emt 0:03:48]} (35. Qxb4+ $11 axb4 36. Kf1) 35... Ke7 {[%emt 0:00:54]} 36. Qe2 {[%emt 0:01:10]} Bc6 {[%emt 0:00:52]} 37. Qe3 {[%emt 0:02:18]} Bxa4 {[%emt 0:03:44]} 38. Bxa4 {[%emt 0:00:32]} Qxa4 {[%emt 0:00:09]} 39. Qc5+ {[%emt 0:00:12]} Kf6 {[%emt 0:00:41]} 40. Qc3+ {[%emt 0:00:00]} e5 {[%emt 0:00:00]} 41. Qd3 {[%emt 0:04:16]} (41. Kh2 $142) 41... Qa1+ {[%emt 0:01:51]} 42. Kh2 {[%emt 0:00:07]} a4 {[%emt 0:00:18]} 43. Qd6+ {[%emt 0:00:24]} (43. f4 $142 Qd4 44. Qf3) 43... Kg7 {[%emt 0:00:09]} 44. f4 {[%emt 0:01:47] [#]} Qd4 $1 {[%emt 0:02:54]} 45. Qe7 {[%emt 0:07:28]} exf4 {[%emt 0:04:29]} 46. e5 {[%emt 0:01:06] [#]} f3 $1 {[%emt 0:04:10]} 47. Qf6+ {[%emt 0:01:29]} Kg8 {[%emt 0:00:06]} 48. gxf3 {[%emt 0:08:47]} a3 {[%emt 0:00:49]} 49. Qc6 {[%emt 0:02:40]} Qxe5+ {[%emt 0:00:13]} 50. f4 $19 {[%emt 0:01:37]} Qb2+ {[%emt 0:00:42]} 0-1